000 01727cam a2200229 4500
001 ##L132266
008 110922n2005 000 0 eng u
020 _a1905018126
035 _a(Sirsi) u132266
041 0 _aeng
050 0 4 _a306.1 $2 18
100 1 _aSilverman, Emily
245 0 2 _aA good place for children?
_battracting and retaining families inner urban mixed income communities
260 _aCoventry
_bChartered Institute of Housing
_bJoseph Rowntree Foundation
_c2005
520 _aThis Joseph Rowntree Foundation report examines the extent to which better-off families are being encouraged to live in Britain's inner cities and specifically whether they are moving to the Mixed Income New Communities (MINCs) that are becoming increasingly prevalent there. It argues that in the context of the current policy drive to revitalise cities as environments where people want to live, these MINCs - new housing developments incorporating both private and social housing - , represent an important opportunity to stem the long-standing drain of families with housing choice from inner urban areas. The study draws on four case studies of inner city MINCs, two in low-income areas in Glasgow and Manchester and two regenerated brownfield sites in London. Concludes that families with housing choice can be attracted into inner urban MINCs with the demand from locals and newcomers possibly greater than developers think.
590 _aIKA310106
690 _aPROPERTY-RESIDENTIAL PROPERTY-RESIDENTIAL PROPERTY DEVELOPMENT
700 1 _aLupton, Ruth
700 1 _aFenton, Alex
856 4 0 _uhttps://www.jrf.org.uk/sites/files/jrf/1905018126.pdf
_zView the report free of charge at www.jrf.org.uk
942 _n0
999 _c105073
_d105073